Breve historia de la segunda guerra mundial / (Registro nro. 30938)
[ vista simple ]
| 000 -CABECERA | |
|---|---|
| campo de control de longitud fija | 01021nam a22002418a 4500 |
| 008 - CÓDIGOS DE INFORMACIÓN DE LONGITUD FIJA | |
| fixed length control field | 170131s2013 ck b r 00110dspa d |
| 020 ## - NÚMERO INTERNACIONAL NORMALIZADO PARA LIBROS | |
| ISBN | 9788408142546 |
| 040 ## - Fuente de catalogación | |
| Agencia original de catalogación | CO-JMCR |
| Lenguaje de catalogación | spa |
| Agencia de transcripción | CO-JMCR |
| Agencia de modificación | CO-JMCR |
| Convenciones de descripción | rda |
| 041 1# - CÓDIGO DE LENGUA | |
| Código idioma | spa |
| Language code of original | eng |
| 082 04 - NÚMERO DE LA CLASIFICACIÓN DECIMAL DEWEY | |
| Número de clasificación Decimal | 940.54 |
| Número de documento (Cutter) | S87n |
| 100 1# - PUNTO DE ACCESO PRINCIPAL-NOMBRE DE PERSONA | |
| Nombre personal | Stone, Norman, |
| Fechas asociadas al nombre | 1941-2019 |
| 9 (RLIN) | 44033 |
| 245 10 - TÍTULO PROPIAMENTE DICHO | |
| Título | Breve historia de la segunda guerra mundial / |
| Mención de responsabilidad, etc. | Norman Stone ; traducción de Francisco García Lorenzana. |
| 260 ## - PUBLICACIÓN, DISTRIBUCIÓN, ETC. (PIE DE IMPRENTA) | |
| Lugar de publicación, distribución, etc. | Bogotá ; |
| -- | Barcelona : |
| Nombre del editor, distribuidor, etc. | Editorial Planeta, |
| Fecha de publicación, distribución, etc. | ©2013. |
| 300 ## - DESCRIPCIÓN FÍSICA | |
| Extensión | 207 páginas : |
| Otros detalles físicos | ilustraciones, mapas ; |
| Dimensiones | 19 cm. |
| 500 ## - NOTA GENERAL | |
| Nota general | Incluye índice. |
| 534 ## - ORIGINAL VERSION NOTE | |
| Introductory phrase | Título riginal : |
| Title statement of original | World war two. A short history. |
| 650 14 - TÉRMINO DE MATERIA | |
| 9 (RLIN) | 44034 |
| 650 24 - TÉRMINO DE MATERIA | |
| 9 (RLIN) | 44035 |
| 650 24 - TÉRMINO DE MATERIA | |
| 9 (RLIN) | 44036 |
| 650 24 - TÉRMINO DE MATERIA | |
| 9 (RLIN) | 44037 |
| 700 1# - AUTOR SECUNDARIO - PERSONA | |
| Nombre de persona | García Lorenzana, Francisco, |
| 9 (RLIN) | 44038 |
| Withdrawn status | Lost status | Source of classification or shelving scheme | Damaged status | Not for loan | Collection code | Home library | Current library | Shelving location | Date acquired | Total Checkouts | Full call number | Barcode | Date last seen | Copy number | Price effective from | Koha item type |
|---|---|---|---|---|---|---|---|---|---|---|---|---|---|---|---|---|
| Dewey Decimal Classification | Non-fiction | Biblioteca Pública José María del Castillo y Rada | Biblioteca Pública José María del Castillo y Rada | Book Cart | 08/31/2023 | 940.54 S87n | 201812382 | 01/31/2025 | Ej.1 | 01/31/2025 | Books |